[Event "Solingen op-B"]
[Site "Solingen"]
[Date "2005.05.27"]
[Round "3"]
[White "Leuther, Tobias"]
[Black "Skiber, Friedrich"]
[Result "1/2-1/2"]
[WhiteElo "1387"]
[BlackElo "1628"]
[PlyCount "137"]
[EventDate "2005.05.26"]
[EventType "swiss"]
[EventRounds "7"]
[EventCountry "GER"]
[SourceTitle "EXT 2006"]
[Source "ChessBase"]
[SourceDate "2005.11.24"]
[SourceVersion "1"]
[SourceVersionDate "2005.11.24"]
[SourceQuality "1"]

1. e4 d6 2. d4 Nf6 3. Nc3 g6 4. f4 Bg7 5. Nf3 Bg4 6. Be2 c6 7. 0-0 0-0 8. h3 Bxf3 9. Bxf3 a5 10. Kh1 Na6 11. e5 Ne8 12. Qe1 Nb4 13. Rf2 dxe5 14. dxe5 Nc7 15. a3 Nbd5 16. Nxd5 Nxd5 17. Rd2 Qc7 18. Bxd5 cxd5 19. Rxd5 Qxc2 20. Rxa5 Rxa5 21. Qxa5 Qd1+ 22. Kh2 Rd8 23. b3 Bh6 24. Be3 Qd3 25. Re1 Rd5 26. Qa8+ Kg7 27. Qxb7 Rd7 28. Qb6 Qe4 29. Qb4 Qd5 30. Qc4 Qa5 31. Re2 Rb7 32. Qa4 Qd5 33. Bd4 Bxf4+ 34. g3 Bxg3+ 35. Kxg3 Rxb3+ 36. Re3 Rxe3+ 37. Bxe3 Qxe5+ 38. Qf4 Qb5 39. Qh6+ Kg8 40. Qg5 Qd7 41. Bc5 f6 42. Qe3 Kf7 43. Qb3+ Kf8 44. a4 Qc7+ 45. Kf3 Qxc5 46. Qb8+ Kf7 47. Qb3+ e6 48. Qb7+ Qe7 49. Qb6 Qa3+ 50. Kg2 Qxa4 51. Qc7+ Kg8 52. Qd8+ Kg7 53. Qe7+ Kh6 54. Qxf6 Qe4+ 55. Kg3 e5 56. h4 Qf4+ 57. Qxf4+ exf4+ 58. Kxf4 Kg7 59. h5 Kf6 60. hxg6 hxg6 61. Kg4 g5 62. Kg3 Kf5 63. Kf3 g4+ 64. Kg3 Kg5 65. Kg2 Kh4 66. Kh2 g3+ 67. Kg2 Kg4 68. Kg1 Kf3 69. Kf1 1/2-1/2